uczestnicy mundialu- nagła śmierć - Statystyki

Ogólne statystyki
  • Ten quiz został rozwiązany 411 razy
  • Średni wynik to 12 z 25
Answers on the Grid
Answers color-coded by a green-red scale on the quiz's grid according to % correct below.
Gwatemala
Czarnogóra
Kuba
Polska
Meksyk
Wenezuela
Vanuatu
Izrael
Indonezja
Antigua i Barbuda
Islandia
Namibia
Togo
Kazachstan
Tajwan
Tajlandia
Korea Północna
Brazylia
Kenia
Angola
Anguilla
Węgry
Anglia
Rumunia
Indie
Paragwaj
Trynidad i Tobago
Nowa Kaledonia
Dania
Czechosłowacja
Nowa Zelandia
Arabia Saudyjska
Cypr
Zjednoczone Emiraty Arabskie
Argentyna
Kanada
Afganistan
Boliwia
Liban
Panama
Kuwejt
San Marino
 
Statystyki odpowiedzi
Odpowiedź % Poprawnych
Polska
94%
Meksyk
88%
Brazylia
71%
Anglia
65%
Argentyna
64%
Dania
64%
Węgry
62%
Arabia Saudyjska
57%
Kanada
57%
Korea Północna
56%
Czechosłowacja
54%
Rumunia
54%
Islandia
48%
Panama
48%
Paragwaj
48%
Nowa Zelandia
45%
Kuba
39%
Boliwia
37%
Trynidad i Tobago
37%
Izrael
29%
Togo
27%
Angola
25%
Zjednoczone Emiraty Arabskie
22%
Indonezja
18%
Kuwejt
17%
Nie znaleziono quizów pasujących do podanych kryteriów
Rozkład punktacji
Procent ludzi z każdym wynikiem
Percentyl według liczby udzielonych odpowiedzi
Twoja historia wyników
Nie rozwiązałeś tego quizu